000 00994nas a2200313 4500
001 BR0601107
003 BR-BrBNA
005 20231205105859.0
007 ta
008 230509b bl.|||p| |||| 00| 00por d
040 _aBR-BrBNA
_bpor
_cBiblioteca Nacional de Agricultura
041 _a(Pt)
072 _aL10; L02; L52
100 1 _aCampêlo, J.E.G.
100 1 _alopes, P.S.
100 1 _aTorres, R. de A.
100 1 _aEuclydes, R.F.
100 1 _aSilva, L.O.C. da
100 1 _aAraújo, C.V.
100 1 _aPereira, C.S.
245 1 _aHeterogeneidade de variância da avaliação genética de bovinos da raça Tabapuã em análises com efeitos maternos
650 _aGADO DE CORTE
650 _aMELHORAMENTO GENÉTICO ANIMAL
650 _aDESMAMA
650 _aCRESCIMENTO
773 0 _tRevista Científica de Produção Animal (Brazil)
_xISSN 1415-563X
_g(Jan-Jun 2001), v. 3(1) p. 83-96
_wBR0601107
909 _a202311
_bLúcia
_c55
_dLúcia Elande
942 _2AGRIS
_n0
_cANA
999 _c185158
_d185158